000 00678nam a22002417a 4500
001 BR8802167
003 BR-BrBNA
005 20230928092907.0
007 ta
008 230509b bl.||||| |||| 00| 0 por d
040 _aBR-BrBNA
_bpor
_cBiblioteca Nacional de Agricultura
041 _a(Por)
072 _aC20
090 _ C20 BR8802167
110 1 _aSistema Nacional de Informacao Rural, Brasilia, DF (Brasil)
_99577
245 1 _aSNIR. Sistema Nacional de Informacao Rural
260 3 _aBrasilia, DF (Brasil):
_c[nd].
300 _a51 p.
500 _a11 tables; Published 1979?
650 _aEXTENSAO RURAL
909 _a202309
_bLucia
_c55
_dLucia Elande
942 _cBK
999 _c41822
_d41822